00569nam a2200169Ia 4500008004100000020001800041041000800059082001700067100002000084245004500104250000600149260004400155300001300199650003000212999001900242952013800261210716s2005 xx 000 0 und d a9780199204472 aeng a658.303 TAYM aTayeb, Monir H. aInternational human resource management. a1 aNew YorkbOxford University Pressc2005 axiii,242 aHuman Resource Management c202692d202692 001040708MBAaAIMITbAIMITd2008-09-08g295.00l1o658.303 TAYMpMBA05258r2026-05-23 00:00:00s2023-11-11v221.25w2021-07-16yBK